00975nam a2200241 a 450000100100000000500170001000800410002702000150006804000250008310000280010824000290013624501240016526000420028930000310033150000340036250400300039650000700042650000370049670000330053370000450056695201050061199900170071600004290420201002040504.0140212s1976 sp c 001 0 spa d a8433459015 aDO-SdBNPbspacBNPHU1 aNourry, Philippe97035310aLa conquête du pouvoir10aFrancisco Franco :bLa conquista del poder. /cPhilippe Nourry; traducción, Arturo Colera, Benito Gómez Ibáñez. aEspaña, :bEdicones Júcar,c1976. a446 p. :bretrs. ;c25 cm. aIncluye índice onomástico aBibliografía p: 437-438 aIncluye datos biografícos del autor en la solapa de la portada. aIncluye notas a pie de páginas1 aColera, Arturoetrad.9703541 aGómez Ibáñez, Benitoetrad.970355 001050718MOaGRbGRcCTd2014-02-12iLF1l0o p42904-10r2020-06-25w2020-06-25y1ZNo se presta c42393d42393